00897nam a2200157 a 4500008004100000020001500041041000800056100001800064245007900082250002200161260004100183300001100224500012200235505036700357655001500724180918e1999 ag ||||g||||| 00| 1|spa d a9509681644 aspa1 aBucay, Jorge. aRecuentos para Demian.bLos cuentos que contaba mi analista /cJorge Bucay a2a ed. 3ra reimp. aBuenos Aires:bNuevo Extremo;c1999. a281 p. aBucay, J. (1999). Recuentos para Demian. Los cuentos que contaba mi analista. (2a ed.). Buenos Aires : Nuevo Extremo. aEn Recuentos para Demian nos sumerge en una cuidada antología de cuentos clásicos, modernos o populares, seleccionados y reescritos por el autor para extraerles todo su contenido terapéutico. A este "re-contar" se agrega la didáctica guía del autor que con la excusa de la trama, nos lleva de la mano por el camino de saber más sobre nosotros mismos. aLiteratura